যুদ্ধ এবং যুদ্ধ / (Record no. 78517)
[ view plain ]
| 000 -LEADER | |
|---|---|
| fixed length control field | 00883nam a2200241 a 4500 |
| 001 - CONTROL NUMBER | |
| control field | 78517 |
| 003 - CONTROL NUMBER IDENTIFIER | |
| rucl marc code | BD-RjUL |
| 005 - DATE AND TIME OF LATEST TRANSACTION | |
| control field | 20211209083135.0 |
| 008 - FIXED-LENGTH DATA ELEMENTS--GENERAL INFORMATION | |
| fixed length control field | 210929s2021 bg ||||| |||| 00| 0 ben d |
| 035 ## - SYSTEM CONTROL NUMBER | |
| System control number | (BD-RjUL)78743 |
| 040 ## - CATALOGING SOURCE | |
| Original cataloging agency | BD-RjUL |
| Language of cataloging | eng |
| Transcribing agency | BD-RjUL |
| 041 ## - LANGUAGE CODE | |
| Language code of text/sound track or separate title | ben |
| 082 ## - DEWEY DECIMAL CLASSIFICATION NUMBER | |
| Edition number | 23 |
| Classification number | 370.92 |
| Author mark and year | CHJ 2021 |
| 100 ## - MAIN ENTRY--PERSONAL NAME | |
| Personal name | চৌধুরী, মঞ্জুলা |
| 9 (RLIN) | 248739 |
| 245 10 - TITLE STATEMENT | |
| Title | যুদ্ধ এবং যুদ্ধ / |
| Statement of responsibility, etc. | মঞ্জুলা চৌধুরী |
| 260 ## - PUBLICATION, DISTRIBUTION, ETC. (IMPRINT) | |
| Place of publication, distribution, etc. | রাজশাহী : |
| Name of publisher, distributor, etc. | ফেমাস বুকস্, |
| Date of publication, distribution, etc. | ২০২১ |
| 300 ## - PHYSICAL DESCRIPTION | |
| Pagination | ১১২ পৃ.: |
| Illustrations | চিত্রসমূহ ; |
| Size | ২২ সেমি. |
| 600 ## - SUBJECT ADDED ENTRY--PERSONAL NAME | |
| Personal name | চৌধুরী, মিটু |
| Personal name | Chowdhury, Mitu |
| 650 ## - SUBJECT ADDED ENTRY--TOPICAL TERM | |
| Topical term or geographic name as entry element | Educators |
| General subdivision | Biography |
| 9 (RLIN) | 248743 |
| Topical term or geographic name as entry element | শিক্ষাবিদ |
| General subdivision | জীবনী |
| 9 (RLIN) | 248744 |
| 942 ## - ADDED ENTRY ELEMENTS (KOHA) | |
| Source of classification or shelving scheme | Dewey Decimal Classification |
| Koha item type | Books |
| Lost status | Source of classification or shelving scheme | Damaged status | Not for loan | Collection code | Permanent Location | Current Location | Shelving location | Date acquired | Source of acquisition | Cost, normal purchase price | Total Checkouts | Full call number | Date last seen | Copy number | Koha item type |
|---|---|---|---|---|---|---|---|---|---|---|---|---|---|---|---|
| Dewey Decimal Classification | Not For Loan | Non-fiction | Central Library, University of Rajshahi | Central Library, University of Rajshahi | Reading Room | 20/09/2021 | Author | 100.00 | B 370.92 CHJ 2021 | 29/09/2021 | C-1 | Books |